What European Country? - Statistics

General Stats
  • This quiz has been taken 49 times
  • The average score is 5 of 8
Answer Stats
Picture Answer % Correct
Russia
100%
Italy
96%
Greece
85%
Norway
53%
The Netherlands
53%
Spain
45%
France
43%
Germany
40%
No matching quizzes found
Score Distribution
Percent of People with Each Score
Percentile by Number Answered
Your Score History
You have not taken this quiz